| 000 -LEADER |
| fixed length control field |
00700nam a2200229Ia 4500 |
| 001 - CONTROL NUMBER |
| control field |
16695 |
| 003 - CONTROL NUMBER IDENTIFIER |
| control field |
GE_BSU |
| 005 - DATE AND TIME OF LATEST TRANSACTION |
| control field |
20221114145833.0 |
| 008 - FIXED-LENGTH DATA ELEMENTS--GENERAL INFORMATION |
| fixed length control field |
181216s2011||||en |||||||||||||| ||eng|| |
| 020 ## - INTERNATIONAL STANDARD BOOK NUMBER |
| International Standard Book Number |
9781413313130x |
| 040 ## - CATALOGING SOURCE |
| Transcribing agency |
GE_BSU |
| 080 ## - UNIVERSAL DECIMAL CLASSIFICATION NUMBER |
| Universal Decimal Classification number |
371 S-58 |
| 100 ## - MAIN ENTRY--PERSONAL NAME |
| Personal name |
Siegel, Lawrence M. |
| 9 (RLIN) |
6659 |
| 245 #4 - TITLE STATEMENT |
| Title |
The complete IEP guide : |
| Remainder of title |
how to advocate for your special ed child / |
| Statement of responsibility, etc. |
Lawrence M. Siegel ; Edition:Janet Portman. |
| 250 ## - EDITION STATEMENT |
| Edition statement |
7th Edition |
| 264 ## - PRODUCTION, PUBLICATION, DISTRIBUTION, MANUFACTURE, AND COPYRIGHT NOTICE |
| Place of production, publication, distribution, manufacture |
USA : |
| Name of producer, publisher, distributor, manufacturer |
NOLO, |
| Date of production, publication, distribution, manufacture, or copyright notice |
2011. |
| 300 ## - PHYSICAL DESCRIPTION |
| Extent |
402 p .: |
| Dimensions |
27 cm |
| 653 ## - INDEX TERM--UNCONTROLLED |
| keyword |
The complete IEP guide |
| 653 ## - INDEX TERM--UNCONTROLLED |
| keyword |
პედაგოგიკა |
| 700 ## - ADDED ENTRY--PERSONAL NAME |
| Personal name |
Portman, Janet |
| Relator term |
რედაქტორი |
| 9 (RLIN) |
6660 |
| 942 ## - ADDED ENTRY ELEMENTS (KOHA) |
| Koha item type |
წიგნი |
| Source of classification or shelving scheme |
|